[Event "Online Olym Div3 A"]
[Site "Chess.com INT"]
[Date "2020.08.07"]
[Round "1.3"]
[White "Nam, Kanghyeon"]
[Black "Hilwani, Talal"]
[Result "0-1"]
[WhiteElo "1596"]
[BlackElo "2274"]
[PlyCount "112"]
[EventDate "2020.08.07"]
[EventType "team-tourn (rapid)"]
[EventRounds "9"]
[EventCountry "USA"]
[SourceTitle "CBM 198"]
[Source "ChessBase"]
[SourceDate "2020.10.31"]
[SourceVersion "1"]
[SourceVersionDate "2020.10.31"]
[SourceQuality "1"]
[WhiteTeam "South Korea"]
[BlackTeam "Syria"]
[WhiteTeamCountry "KOR"]
[BlackTeamCountry "SYR"]

1. e4 c5 2. Nf3 d6 3. c3 Nf6 4. Bd3 Nc6 5. Bc2 d5 6. e5 Nd7 7. d4 e6 8. 0-0 Be7 9. Re1 Nf8 10. a3 c4 11. Nbd2 Bd7 12. b4 cxb3 13. Bxb3 Na5 14. Bc2 Rc8 15. Bb2 Bb5 16. Nf1 Bxf1 17. Kxf1 Nc4 18. Bc1 Nd7 19. Qd3 h6 20. Kg1 Qc7 21. h3 a6 22. Ra2 Na5 23. Bd2 Qc4 24. Raa1 Qxd3 25. Bxd3 Rc7 26. Bc2 Nc4 27. Bc1 0-0 28. Bd3 Na5 29. Bb2 Nb6 30. Bc2 Nbc4 31. Bc1 Rfc8 32. Kf1 Bf8 33. Kg1 Be7 34. Kf1 Kf8 35. Kg1 Rc6 36. Kf1 Rb6 37. Kg1 Nb3 38. Rb1 Nxc1 39. Rexc1 Rxb1 40. Bxb1 Bxa3 41. Rc2 Be7 42. Ba2 Na3 43. Rc1 Bb4 44. c4 Nxc4 45. g4 b5 46. h4 a5 47. Nh2 Ke7 48. f4 Kd7 49. g5 Bd2 50. Rc2 Bxf4 51. Nf3 hxg5 52. Nxg5 Bxg5 53. hxg5 a4 54. Kf2 b4 55. Bb1 b3 56. Rc3 Rb8 0-1